[Event "84th Tata Steel Challengers 2022"]
[Site "Wijk aan Zee"]
[Date "2022.01.28"]
[Round "11.5"]
[White "Van Foreest, Lucas"]
[Black "Warmerdam, Max"]
[Result "1/2-1/2"]
[WhiteElo "2530"]
[BlackElo "2599"]
[Annotator "TA"]
[PlyCount "43"]
[EventDate "2022.01.15"]
[EventType "tourn"]
[EventCountry "NED"]
[SourceTitle "playchess.com"]
[Source "ChessBase"]
[SourceQuality "1"]

{[%evp 24,43,37,38,35,41,41,34,25,33,35,0,4,0,0,0,0,0,0,0,0,0]} 1. d4 Nf6 2. c4 e6 3. Nf3 d5 4. g3 dxc4 5. Bg2 a6 6. O-O b5 7. Ne5 Nd5 8. e4 Nf6 9. a4 Bb7 10. axb5 axb5 11. Rxa8 Bxa8 12. Nc3 c6 13. d5 {[#] Black must now prevent dxe6.} Be7 {[%cal Rc6d5] E04: Open Catalan: 5 Nf3.} 14. dxe6 fxe6 15. Qe2 $1 O-O {White is slightly better.} 16. Bh3 {[%mdl 1024] White has compensation.} Qe8 $5 {[%mdl 4] A promising side line.} 17. Nf3 {[%cal Be5f3,Bf3g5,Bg5e6][%mdl 32] [#]} Na6 $146 {The position is equal.} ({Predecessor:} 17... Bb7 18. Bf4 Na6 19. Ng5 Nc5 20. Nxe6 Bc8 21. Nc7 Qh5 22. Bg2 Qxe2 23. Nxe2 Ncxe4 {0-1 (36) Ulybin,M (2521)-Robson,R (2466) Hoogeveen 2008}) 18. Ng5 e5 19. Ne6 Rf7 $1 20. Ng5 {[#] And now Be6 would win.} Rf8 21. Ne6 Rf7 $1 22. Ng5 {Weighted Error Value: White=0.05 (flawless) /Black=0.01 (flawless)} 1/2-1/2

[Event "84th Tata Steel Challengers 2022"]
[Site "Wijk aan Zee"]
[Date "2022.01.28"]
[Round "11.6"]
[White "Shuvalova, Polina"]
[Black "Ganguly, Surya Shekhar"]
[Result "1/2-1/2"]
[WhiteElo "2516"]
[BlackElo "2627"]
[Annotator "TA"]
[PlyCount "124"]
[EventDate "2022.01.15"]
[EventType "tourn"]
[EventCountry "NED"]
[SourceTitle "playchess.com"]
[Source "ChessBase"]
[SourceQuality "1"]

{[%evp 10,123,17,4,0,6,0,0,0,0,16,0,0,0,-1,-15,0,-23,-25,-25,-21,-20,-12,-12,-12,-36,-6,-20,0,0,0,-67,-84,-82,-67,-69,-68,-111,-111,-132,-115,-122,-133,-141,-141,-147,-139,-134,-140,-134,-95,-93,-38,-54,-58,-166,-172,-175,-175,-333,-340,-334,-216,-176,-177,-329,-329,-283,-225,-12835,-12836,-12836,-12837,-12837,-7972,-12838,-12838,-12841,0,0,0,0,0,0,0,0,0,0,0,0,0,0,0,-28000,-28000,-28000,-28000,-28000,-28000,-28000,-28000,-28000,-28000,-28000,-28000,-28000,-28000,-28000,-28000,-28000,-28000,-28000,-28000,-28000,-28000,-28000]} 1. d4 Nf6 2. c4 e6 3. Nc3 Bb4 4. Nf3 {[%cal Bg1f3,Bf3d4,Bd4b5,Bb5d6][%mdl 32]} O-O 5. Bg5 c5 6. Rc1 h6 {E21: Nimzo-Indian: 4 Nf3.} 7. Bh4 cxd4 8. Nxd4 d5 $1 {The position is equal. The main line 8...d5 scores better than 8...Nc6.} 9. cxd5 Bxc3+ 10. bxc3 Qxd5 {[#]} 11. Bxf6 $146 ({Predecessor:} 11. e3 Nc6 12. Bxf6 gxf6 13. Qg4+ Qg5 14. Qxg5+ fxg5 15. Nxc6 bxc6 16. Rb1 Bd7 17. Kd2 {½-½ (33) Pechac,J (2562)-Vocaturo,D (2632) Terme Catez 2021}) 11... gxf6 12. e3 Rd8 13. Nb5 Qxd1+ 14. Rxd1 Rxd1+ 15. Kxd1 Na6 {To avoid Nc7} 16. Nd6 Nc5 17. Bb5 a6 18. Be8 Bd7 19. Bxd7 {Black must now prevent Bc8.} (19. Bxf7+ Kf8 20. Bh5 Rd8 $17) 19... Rd8 $36 {[%mdl 2048] Black has the initiative.} 20. Nc4 Rxd7+ $15 {[%mdl 4096] Endgame KRN-KRN} 21. Kc2 Ne4 $1 22. f3 Rc7 23. Kb3 {[#]} (23. Rb1 $15) 23... Nxc3 $1 $17 {[%mdl 512]} 24. Nd6 (24. Nb6 Ne2) 24... Nd5 {Strongly threatening ...Rc3+.} 25. e4 {[#]} Rd7 $1 26. Ne8 {[#]} (26. exd5 Rxd6) 26... Kf8 $1 27. exd5 Kxe8 28. dxe6 fxe6 {KR-KR} 29. Kc3 {Inhibits Rd2.} Ke7 30. Rb1 f5 (30... b5 $17 31. a4 bxa4) 31. Rb6 Kf6 32. f4 ({White should try} 32. a4 $15) 32... h5 $19 {[%cal Bh6h5,Bh5h4,Bh4h3][%mdl 32]} 33. a4 h4 $1 {[%cal Oh4h3] Threatens to win with ...h3!} 34. Rb2 $2 (34. h3) 34... h3 35. g3 Rc7+ 36. Kd3 Rc1 {[%cal Ob7b6] Hoping for ...b6!} 37. Rxb7 {[#]} (37. Ke3 {was worth a try.}) 37... Rh1 $1 38. Rh7 (38. Rb2 Ra1 39. Rb8 Ra3+ 40. Kc4 Ra2 $19) 38... Rxh2 39. Kc4 $2 (39. a5) 39... Rh1 40. Kb4 h2 41. Ka5 {[#]} e5 $1 ({Inferior is} 41... Kg6 42. Rh8 $17) 42. fxe5+ Kxe5 43. Rh4 Kf6 $2 ({Black should play} 43... Kd5 $19 {...Ke5 is the strong threat.} 44. Kxa6 Kd6) 44. Rh8 Kg5 {aiming for ...Kg4.} 45. Rg8+ $1 Kh5 46. Rg7 $1 Re1 {( -> ...Kh6)} 47. Rh7+ Kg4 48. Rxh2 Re6 49. Rf2 Rf6 50. Rf4+ Kxg3 51. Rxf5 $1 Rxf5+ {Mate.} 52. Kxa6 $11 {KR-KP} Rf1 53. a5 Kf4 54. Kb7 Rb1+ 55. Kc6 Ra1 56. Kb6 Ke5 57. a6 Kd6 58. Kb7 Rb1+ 59. Kc8 Ra1 60. Kb7 Kd7 61. a7 Rb1+ 62. Ka8 Kc7 {Weighted Error Value: White=0.35/Black=0.11 (very precise)} 1/2-1/2

[Event "84th Tata Steel Challengers 2022"]
[Site "Wijk aan Zee"]
[Date "2022.01.28"]
[Round "11.7"]
[White "Maurizzi, Marc`Andria"]
[Black "Dardha, Daniel"]
[Result "1-0"]
[WhiteElo "2496"]
[BlackElo "2533"]
[Annotator "TA"]
[PlyCount "51"]
[EventDate "2022.01.15"]
[EventType "tourn"]
[EventCountry "NED"]
[SourceTitle "playchess.com"]
[Source "ChessBase"]
[SourceQuality "1"]

{[%evp 18,51,53,60,54,57,58,58,39,43,50,48,88,31,98,84,155,153,337,347,654,657,627,618,870,869,2264,2302,2162,2065,1997,1304,29992,29993,29995,29996]} 1. d4 Nf6 2. c4 e6 3. Nc3 Bb4 4. Nf3 O-O 5. Bg5 h6 6. Bh4 d5 7. e3 Nbd7 8. cxd5 exd5 9. Bd3 c5 10. O-O {[%cal Oc3d5]} Bxc3 {D38: Queen's Gambit Declined: Ragozin Defence (4 Nf3 Bb4).} 11. bxc3 c4 12. Bc2 Qa5 {White is slightly better.} 13. Qc1 Re8 14. Nd2 {[#]} Qc7 $146 ({Predecessor:} 14... b5 15. a3 Bb7 16. Qb2 Bc6 17. Rfe1 Qb6 18. f3 Re7 19. Bf2 Rae8 20. Nf1 Qa5 {1-0 (40) Fedorovsky,M (2458)-Heinz,A (2436) Germany 2010}) 15. f3 (15. Re1 $16) 15... b5 ({Better is} 15... Rxe3 $14 16. Ne4 Re2) 16. e4 {[%cal Be3e4,Be4e5][%mdl 32]} (16. Bg3 Qb6 $14) 16... b4 ({Black should try} 16... dxe4 17. fxe4 Bb7) 17. e5 $16 (17. cxb4 $6 c3 $16) 17... g5 $2 {Loses the game.} (17... Nh7 $16) 18. exf6 $18 gxh4 $2 {[#]} (18... Nxf6 19. Bg3 Qc6 20. cxb4 Nh5) 19. Ne4 $1 {[%mdl 512]} dxe4 20. fxe4 {[%cal Bf3e4,Be4e5,Be5f6][%mdl 32] Hoping for e5.} Nxf6 21. Rxf6 {Threatens to win with e5.} Re6 22. e5 {White threatens Qxh6 and mate.} b3 23. axb3 cxb3 24. Bxb3 {[#] White wants to mate with Qxh6.} Rxf6 25. exf6 Kh7 26. Bc2+ {Weighted Error Value: White=0.06 (flawless) /Black=0.95} 1-0

[Event "84th Tata Steel Challengers 2022"]
[Site "Wijk aan Zee"]
[Date "2022.01.29"]
[Round "12.1"]
[White "Erigaisi Arjun"]
[Black "Nguyen, Thai Dai Van"]
[Result "1/2-1/2"]
[WhiteElo "2629"]
[BlackElo "2609"]
[Annotator "TA"]
[PlyCount "30"]
[EventDate "2022.01.15"]
[EventType "tourn"]
[EventCountry "NED"]
[SourceTitle "playchess.com"]
[Source "ChessBase"]
[SourceQuality "1"]

{[%evp 9,30,17,18,10,12,2,16,9,17,20,29,26,25,28,45,0,13,13,13,13,10,14,9]} 1. d4 Nf6 2. c4 e6 3. Nf3 d5 4. Nc3 Be7 5. Bf4 O-O 6. a3 {D37: Queen's Gambit Declined: 5 Bf4.} b6 7. e3 {7.Qc2 is the modern continuation.} Bb7 8. cxd5 Nxd5 9. Nxd5 Bxd5 10. Rc1 c5 (10... Nc6 $2 11. Bb5 e5 12. dxe5 $16 (12. Bxc6 Bxc6 13. Nxe5 Bb7 $16)) 11. dxc5 bxc5 {[#]} 12. Bc4 $5 $146 {[%mdl 8] An interesting novelty.} (12. Bd3 $14) ({Predecessor:} 12. Bd3 Nd7 13. O-O Qb6 14. Qc2 h6 15. Nd2 Bf6 16. e4 Bc6 17. Nc4 Qb7 18. b4 {0-1 (28) Shimanov,A (2626)-Meier,G (2639) Chess.com INT 2018}) 12... Bxc4 {The position is equal.} 13. Qxd8 Rxd8 14. Rxc4 Nd7 15. Ke2 f6 {Weighted Error Value: White=0.07 (flawless) /Black=0.04 (flawless)} 1/2-1/2

[Event "84th Tata Steel Challengers 2022"]
[Site "Wijk aan Zee"]
[Date "2022.01.29"]
[Round "12.2"]
[White "Bjerre, Jonas Buhl"]
[Black "Zhu, Jiner"]
[Result "1/2-1/2"]
[WhiteElo "2586"]
[BlackElo "2478"]
[Annotator "TA"]
[PlyCount "86"]
[EventDate "2022.01.15"]
[EventType "tourn"]
[EventCountry "NED"]
[SourceTitle "playchess.com"]
[Source "ChessBase"]
[SourceQuality "1"]

{[%evp 14,86,19,15,24,12,15,12,14,20,16,21,18,13,12,14,18,8,12,13,13,10,16,9,33,19,36,30,32,34,24,0,0,0,0,0,10,11,10,10,25,25,25,26,29,31,32,19,22,0,0,0,0,0,0,0,0,0,0,0,0,0,0,0,0,0,0,0,0,0,0,0,0,0,0]} 1. d4 Nf6 2. c4 e6 3. Nf3 d5 4. Nc3 c5 5. cxd5 Nxd5 6. g3 cxd4 7. Nxd5 Qxd5 8. Qxd4 Qb5 {D41: Queen's Gambit Declined: Semi-Tarrasch with 5 cxd5.} 9. e4 Qb4+ 10. Bd2 Nc6 11. Qxb4 Bxb4 12. Rc1 Bxd2+ 13. Kxd2 Ke7 14. Bb5 Bd7 15. Rc5 f6 {[#]} 16. Rhc1 $146 {[%cal Rb5c6]} ({Predecessor:} 16. Bxc6 Bxc6 17. Nd4 Bd7 18. Rc7 Rab8 19. Rhc1 Rhc8 20. Ke3 Rxc7 21. Rxc7 e5 22. Ne2 {½-½ (34) Ruck,R (2530)-Lenic,L (2644) Mali Losinj 2019}) 16... e5 17. Ne1 {[%cal Bf3e1,Be1d3,Bd3c5][%mdl 32]} Rhd8 18. Ke3 Rac8 19. Nd3 a6 20. Ba4 b5 21. Bb3 Nd4 22. Bd5 Rxc5 23. Nxc5 Rc8 24. b4 Ne6 25. Bxe6 Bxe6 $11 {[%mdl 4096] Endgame KRB-KRN} 26. f4 exf4+ 27. gxf4 g6 28. h4 Rc7 29. Rc3 Rc6 30. Ra3 Bc8 {The position is equal.} 31. e5 h6 32. Ke4 fxe5 33. Kxe5 Rf6 34. Ke4 Rf5 35. Re3 Kf7 36. Kf3 a5 37. a3 axb4 38. axb4 g5 39. hxg5 hxg5 40. Nd3 gxf4 41. Nxf4 Bb7+ 42. Kg4 Bc8 43. Kf3 Bb7+ {Weighted Error Value: White=0.02 (flawless) /Black=0.03 (flawless)} 1/2-1/2

[Event "84th Tata Steel Challengers 2022"]
[Site "Wijk aan Zee"]
[Date "2022.01.29"]
[Round "12.3"]
[White "Jumabayev, Rinat"]
[Black "Shuvalova, Polina"]
[Result "1-0"]
[WhiteElo "2631"]
[BlackElo "2516"]
[Annotator "TA"]
[PlyCount "79"]
[EventDate "2022.01.15"]
[EventType "tourn"]
[EventCountry "NED"]
[SourceTitle "playchess.com"]
[Source "ChessBase"]
[SourceQuality "1"]

{[%evp 12,79,10,13,21,6,19,14,23,16,31,12,41,-53,-8,-5,0,0,-11,-1,0,-35,-19,-24,-30,-29,-41,-38,0,-3,-3,-8,0,0,0,0,38,29,167,177,158,162,181,185,195,160,225,104,116,102,114,120,251,243,351,338,393,394,428,418,1521,1052,970,905,12835,12835,12832,12832,12829,2856]} 1. e4 e5 2. Nf3 Nc6 3. Bc4 Bc5 4. c3 Nf6 5. d3 d6 6. Bg5 h6 7. Bh4 a5 {[#] C54: Giuoco Piano: 4 c3 Nf6, main lines with 5 d4 and 5 d3.} 8. Na3 $146 ({Predecessor:} 8. Nbd2 Ba7 9. O-O g5 10. Bg3 O-O 11. a3 Nh7 12. Kh1 Kh8 13. b4 h5 14. b5 Ne7 15. Bxe5+ dxe5 16. Nxe5 {0-1 (34) Adhiban,B (2672)-Vidit,S (2727) Kolkata 2021}) 8... Bxa3 9. bxa3 Ne7 {The position is equal.} 10. Bxf6 gxf6 11. Nh4 (11. O-O {feels hotter.} Rg8 12. g3 Bg4 13. Re1 Ng6 14. d4) 11... d5 12. Bb3 ({White should try} 12. exd5 $14 Nxd5 13. Qf3) 12... Qd6 (12... dxe4 $15 13. Qh5 (13. dxe4 Qxd1+ 14. Bxd1 Ng6 $15) 13... Rf8 14. dxe4 (14. Ba4+ Bd7 $17) 14... Qd3) 13. O-O $11 Bd7 {[%cal Bc8d7,Bd7c6,Bc6d5][%mdl 32]} 14. Qf3 {[%cal Rb3d5]} a4 15. Bc2 (15. Bxd5 c6 16. Bc4 b5 $17) 15... O-O-O 16. d4 Bc6 17. Rfe1 Kb8 18. exd5 Bxd5 19. Qe3 {[%cal Rd4e5]} Nc6 (19... Qxa3 {with more complications.} 20. dxe5 fxe5 21. c4 Qxe3 22. Rxe3 Bxc4 23. Rxe5 Nc6) 20. Bxa4 Qxa3 21. Bb3 Bxb3 22. axb3 Qxb3 {[%cal Re5d4]} 23. dxe5 fxe5 24. Qe4 {Inhibits Qc4. Reb1 is the strong threat.} Qd5 (24... Qxc3 $11 {and Black has nothing to worry.} 25. Qa4 Kc8) 25. Qa4 $18 {[%csl Ga1][%cal Ra4a8][%mdl 1024] White has strong compensation.} Kc8 26. Nf5 $1 (26. Red1 $6 Qe6 $14) 26... Rhe8 {[#]} 27. Reb1 $1 (27. Nxh6 Qe6 28. Ng4 f5 $14) 27... Nb8 28. Rd1 $40 {[%mdl 128] White attacks with force.} (28. Nxh6 $6 e4 $16) 28... b5 {[#]} (28... Qc5 $16 29. Nxh6 Rxd1+ 30. Rxd1 b5) 29. Rxd5 (29. Qg4 $1 $18 {[%cal Rf5d6] and the rest is easy.} Qe6 30. Rdb1) 29... bxa4 $16 30. Rxd8+ (30. Ra5 Re6 $14) 30... Rxd8 31. Nxh6 $18 {[%mdl 4096] Endgame KRN-KRN} Rd3 (31... Rd5 $16) 32. h4 {[%cal Bh2h4,Bh4h5,Bh5h6,Bh6h7][%mdl 32]} ({Don't play} 32. Nxf7 $6 Rxc3 33. h4 (33. Nxe5 a3 $16) 33... Rc4 $18) 32... Rxc3 (32... f6 $142 33. Ng8 (33. Rxa4 Rd8 $18) 33... Rd8) 33. Rxa4 ({Not} 33. Nxf7 Rc4 $16) 33... Kd7 34. Nxf7 Nc6 35. h5 {Hoping for h6.} Ke6 (35... Ke7 $142 36. Ng5 Rc1+ 37. Kh2 Kf6) 36. Ng5+ {White is clearly winning.} Kf5 {[#]} 37. h6 $1 {Black must now prevent h7.} Ne7 {[#]} (37... Rb3 38. h7) 38. h7 $1 Ng6 (38... Rc1+ 39. Kh2) 39. Nf3 {White threatens Nh4+ and mate.} Kf6 40. Rg4 {Weighted Error Value: White=0.12 (very precise) /Black=0.36} (40. Ra8 $142 Rxf3 41. Rg8) 1-0

[Event "84th Tata Steel Challengers 2022"]
[Site "Wijk aan Zee"]
[Date "2022.01.29"]
[Round "12.4"]
[White "Murzin, Volodar"]
[Black "Warmerdam, Max"]
[Result "1/2-1/2"]
[WhiteElo "2519"]
[BlackElo "2599"]
[Annotator "TA"]
[PlyCount "74"]
[EventDate "2022.01.15"]
[EventType "tourn"]
[EventCountry "NED"]
[SourceTitle "playchess.com"]
[Source "ChessBase"]
[SourceQuality "1"]

{[%evp 22,74,28,8,49,53,74,102,94,11,13,19,19,-18,-19,-171,-171,-171,-171,-171,0,0,0,0,0,0,0,0,0,0,0,0,0,0,0,0,0,0,0,0,0,0,0,0,0,0,0,0,0,0,0,0,0,0,0]} 1. e4 c5 2. Nf3 e6 3. d4 cxd4 4. Nxd4 Nc6 5. Nc3 Nf6 6. Ndb5 d6 7. Bf4 e5 8. Bg5 a6 9. Na3 b5 10. Nd5 Be7 11. Bxf6 {11.c3 is more fashionable.} Bxf6 12. c4 Nd4 {B33: Sicilian: Pelikan and Sveshnikov Variations.} (12... b4 $1 $11 {was preferrable.} 13. Nc2 O-O) 13. cxb5 $14 Bb7 14. Nc3 {Pair of Knights!} O-O {White is better.} 15. Bd3 (15. bxa6 $16 Bc8 16. Bd3) 15... axb5 16. Naxb5 d5 $1 {[#] ...dxe4 is the strong threat.} 17. exd5 e4 $1 {[#]} 18. Nxe4 $146 ({Don't blunder} 18. Bxe4 $2 Nxb5 19. Nxb5 Re8 $19) (18. Bc4 $11 {and White stays safe.} Nxb5 19. Nxb5 (19. Bxb5 Qa5 $15)) ({Predecessor:} 18. Bc4 Nxb5 19. Bxb5 Qa5 20. a4 Bxc3+ 21. bxc3 Qxc3+ 22. Ke2 Rfd8 23. d6 Ba6 24. Bxa6 Rxa6 25. Rc1 {½-½ (31) Boros,D (2502)-Konnyu,J (2370) Banska Stiavnica 2011}) 18... Nxb5 $19 19. Nxf6+ Qxf6 20. Bxb5 {[#] aiming for 0-0.} Ba6 $2 (20... Rfd8 $19 21. O-O Rxd5) 21. Bxa6 $11 {The position is equal.} Qxa6 22. f3 $1 Rfe8+ 23. Kf2 Qb6+ 24. Kg3 Qd6+ 25. Kf2 $1 {Threatens to win with Qd4.} ({Not} 25. Kh3 $2 Re5 26. g4 h5 $17) 25... Qc5+ 26. Kg3 {Hoping for Qd2.} Qd6+ 27. Kf2 $1 {Strongly threatening Qd4.} ({Wrong is} 27. Kh3 $2 Re5 28. g4 h5 $19) 27... Qc5+ 28. Kg3 Ra6 {( -> ...Rg6+)} 29. Re1 Rg6+ 30. Kh3 Rh6+ 31. Kg3 Rg6+ 32. Kh3 Rh6+ 33. Kg3 Rg6+ 34. Kh3 Rh6+ 35. Kg3 Rg6+ 36. Kh3 Rh6+ 37. Kg3 Rg6+ {Weighted Error Value: White=0.21 (precise) /Black=0.10 (very precise)} 1/2-1/2

[Event "84th Tata Steel Challengers 2022"]
[Site "Wijk aan Zee"]
[Date "2022.01.29"]
[Round "12.5"]
[White "Dardha, Daniel"]
[Black "Van Foreest, Lucas"]
[Result "0-1"]
[WhiteElo "2533"]
[BlackElo "2530"]
[Annotator "TA"]
[PlyCount "106"]
[EventDate "2022.01.15"]
[EventType "tourn"]
[EventCountry "NED"]
[SourceTitle "playchess.com"]
[Source "ChessBase"]
[SourceQuality "1"]

{[%evp 9,106,0,0,0,0,2,18,14,44,10,17,16,14,-29,-9,-12,-8,-8,-1,-31,-31,-31,-31,-38,-31,-74,-21,-16,-18,-21,-8,-68,-48,-112,-23,-69,-58,-76,-25,-42,0,-88,0,-74,-64,-92,-56,-102,0,-48,-43,-116,14,0,0,-42,-45,-45,-25,-98,-104,-100,-108,-157,-103,-227,-212,-207,-198,-299,-314,-326,-334,-327,-327,-429,-392,-535,-543,-555,-548,-937,-937,-1247,-1220,-1112,-1014,-1360,-1284,-29971,-29972,-29986,-29987,-29987,-29987,-29987,-29988,-29993,-29994]} 1. c4 e5 2. g3 g6 3. Bg2 Bg7 4. Nc3 Ne7 5. e3 c6 6. Nge2 {A21: English Opening: 1...e5 2 Nc3.} d5 7. cxd5 cxd5 8. d4 {The position is equal.} e4 9. b3 Nbc6 10. O-O O-O {[#]} 11. a4 $146 (11. Nf4 {is superior.}) ({Predecessor:} 11. Ba3 Re8 12. Bxe7 Rxe7 13. Nf4 Be6 14. a3 a6 15. Nxe6 fxe6 16. b4 Rc8 17. Na4 {0-1 (66) Zorn,N-Lautenbach,W freechess.de 2016}) 11... a5 12. Ba3 Nb4 13. Qd2 Nec6 14. Rfc1 Re8 15. Nb5 Bf5 16. Bxb4 axb4 17. Rc5 (17. Nf4 $15) 17... Bf8 (17... g5 $17) 18. Nf4 $1 $11 Bxc5 19. dxc5 Re5 {[%cal Od5d4]} 20. Nd4 ({Of course not} 20. Nd6 b6 21. Nxf5 gxf5 22. cxb6 Qxb6 $15) ({White should play} 20. Rc1 $11) 20... Rb8 21. h3 (21. a5 $15) 21... h5 ({Black should try} 21... Bd7 $17 22. Nb5 Be6) 22. Rd1 (22. a5 $1 $11) 22... Qe7 23. Rc1 $1 ({Don't blunder} 23. Nxf5 $2 Rxf5 24. Rc1 (24. Nxd5 $2 Rxd5 25. Qxd5 Rd8 $19) 24... Rd8 $19) 23... Qd7 (23... Bc8 $17) 24. Qb2 {[#] Hoping for Nxc6.} Qe7 (24... Qc7 $15) 25. Qd2 $17 Qd7 (25... Bc8 $17) 26. Kh2 (26. Qb2 $11 Qe7 27. Qd2) 26... Kh7 27. Nb5 Be6 28. Nd4 Bf5 (28... h4 $17) 29. Bf1 (29. Nb5 $1 $11 {might be stronger.}) 29... Qe7 $15 30. a5 (30. Bb5 $15 Bd7 31. h4) 30... Nxa5 (30... Bd7 $17 31. Nxc6 bxc6) 31. Qxb4 $11 Qc7 {[%cal Oh5h4]} 32. Rd1 (32. Qc3 $11 Nc6 33. b4) 32... Nc6 $15 33. Qc3 Be6 34. Kg1 (34. Ndxe6 $11 fxe6 35. h4) 34... Nxd4 $17 35. Qxd4 Rf5 36. Ra1 {[#]} (36. Ne2 $142) 36... Qe5 (36... h4 $142 $1 37. g4 Rxf4 38. exf4 Qxf4) 37. b4 {Now White is beyond hope.} (37. Ne2 $17) 37... Qxd4 $19 38. exd4 h4 {Threatens to win with ...g5.} 39. Ra7 (39. Be2 $142) 39... hxg3 40. fxg3 g5 41. Nxe6 fxe6 {[%cal Bf7e6,Be6e5,Be5d4,Bd4d3][%mdl 4128] Endgame KRR-KRB} 42. Be2 Kg6 43. b5 Rff8 44. Bg4 Kf6 {aiming for ...Ra8.} 45. Kf2 e5 46. Ke3 Ra8 47. Rxb7 Ra3+ 48. Ke2 exd4 {...Kg6 is the strong threat.} 49. Rb6+ Kg7 {Black mates.} 50. Rb7+ Kh8 51. c6 Ra2+ 52. Ke1 d3 53. Bd1 Rh2 {Weighted Error Value: White=0.59/Black=0.18 (very precise)} 0-1

[Event "84th Tata Steel Challengers 2022"]
[Site "Wijk aan Zee"]
[Date "2022.01.29"]
[Round "12.6"]
[White "Ganguly, Surya Shekhar"]
[Black "L'Ami, Erwin"]
[Result "0-1"]
[WhiteElo "2627"]
[BlackElo "2622"]
[Annotator "TA"]
[PlyCount "102"]
[EventDate "2022.01.15"]
[EventType "tourn"]
[EventCountry "NED"]
[SourceTitle "playchess.com"]
[Source "ChessBase"]
[SourceQuality "1"]

{[%evp 10,102,12,8,11,16,14,20,12,16,14,9,14,7,14,0,0,-91,-69,-64,-45,-66,-57,-50,-62,-58,-67,-58,0,-10,-6,-29,0,0,0,0,7,0,0,0,0,0,0,-8,-8,-16,-8,-8,-8,-8,-8,-12,0,-13,0,0,0,-8,-15,-20,-38,-121,-116,-302,-156,-129,-61,-363,-362,-387,-321,-316,-325,-314,-246,-257,-254,-282,-274,-272,-267,-583,-581,-786,-770,-771,-767,-624,-547,-747,-739,-29967,-1081,-1017,-937]} 1. e4 e5 2. Nf3 Nc6 3. Bc4 Bc5 4. d3 Nf6 5. Nc3 d6 6. Na4 Bb6 {C50: Hungarian Defence and Giuoco Pianissimo.} 7. a3 O-O 8. O-O h6 {The position is equal.} 9. h3 {9.Re1 is a critical line.} Re8 10. b4 Be6 11. Bxe6 Rxe6 {[#]} 12. Nxb6 $146 ({Predecessor:} 12. c4 Nd4 13. Bb2 Nxf3+ 14. Qxf3 Nd7 15. Nxb6 axb6 16. a4 Rg6 17. Kh2 c5 18. b5 {½-½ (39) Angermann,I (1817)-Krammel,J (1699) GER email 2017}) 12... axb6 13. c4 {[#]} (13. b5 $11 Ne7 14. a4) 13... Nxb4 $1 $17 14. Bxh6 {[#]} Nxd3 {[%cal Of6e4]} 15. Ng5 Nc5 (15... gxh6 16. Nxe6 fxe6 17. Qxd3 $16) 16. Nxe6 Nxe6 17. Be3 Nxe4 18. Qd5 Nf6 (18... N6c5 $15) 19. Qxb7 $11 Ra4 20. Rfc1 Qa8 (20... Qe8 {seems wilder.} 21. Qf3 e4 22. Qd1 Qc6 23. h4 Nd7) 21. Qxa8+ Rxa8 22. a4 Ne4 23. Ra3 f5 {[%cal Bf7f5,Bf5f4][%mdl 32]} 24. f3 N4c5 25. Rca1 Nb7 26. g4 f4 27. Bf2 g5 28. Kg2 Na5 29. Rc1 Kf7 30. h4 gxh4 31. Bxh4 e4 32. fxe4 Nc6 33. Rh1 Ne5 {[%csl LRc4,LRg4]} 34. Be1 Ng5 35. Rf1 ({White should try} 35. a5 $15) 35... f3+ $17 36. Kg3 $2 (36. Kg1 $17 {is a better defense.}) 36... Kg6 ({Inferior is} 36... Nxe4+ 37. Kf4 Nc5 38. Bf2 $15) (36... Nxc4 37. Raxf3+ Nxf3 38. Rxf3+ Kg8 39. a5 $17) ({Black should play} 36... Rh8 $19 37. c5 bxc5) 37. a5 bxa5 {Black is much more active.} (37... Nxe4+ $17 38. Kf4 Ng5) 38. Rxa5 $2 {[%mdl 8192]} ({Only move:} 38. Bc3 $1 $15) 38... Rf8 $19 39. Kf2 Nxg4+ {Pair of Knights!} 40. Kg3 {[#]} Ne5 41. Kf2 Nxe4+ ({Weaker is} 41... Nxc4 42. Rg1 Nxa5 43. Bd2 $17) 42. Ke3 Ng5 43. Ra4 {[%cal Oc4c5]} Ng4+ 44. Kd3 {[%cal Oc4c5]} f2 45. Ba5 $2 (45. Bxf2 {is tougher.} Nxf2+ 46. Ke2) 45... c5 46. Ra2 Rf3+ 47. Ke2 Re3+ 48. Kd1 Ne4 49. Bd2 Rd3 {( -> ...Ne3+)} 50. Ke2 {To avoid Ne3} Rb3 (50... Rxd2+ $142 51. Rxd2 Ng3+ 52. Kf3 Nxf1 53. Rxd6+ Kg5 54. Rd5+ Kh4 55. Rd6 Nfh2+ 56. Ke4 f1=Q 57. Kd5 Ne3+ 58. Kc6 Qxc4 59. Rd8 Nhg4 60. Rd6 Qa4+ 61. Kb6 Qb4+ 62. Kc6 Qa4+ 63. Kb6 Ne5 64. Kb7 {[#]} Nd5 $1 {[%mdl 512]} 65. Rh6+ Kg5 66. Rd6 Qb5+ 67. Kc8 Qe8+ 68. Kb7 Qe7+ 69. Rd7 Qxd7+ 70. Ka6 Qc8+ 71. Ka5 Qb7 72. Ka4 Qb4#) 51. Bf4 Kf5 {Weighted Error Value: White=0.47/Black=0.23 (precise)} 0-1